000 00299nam a2200121Ia 4500
008 240731s9999 xx 000 0 und d
022 _a2374-4243
245 0 _aInfectious Diseases
260 _bTaylor & Francis
856 _uhttps://www.tandfonline.com/loi/infd20
942 _2ddc
942 _cTFEJ
999 _c76952
_d76952
945 _a1
_bMadushi Gamage
_c1
_dMadushi Gamage